<?xml version="1.0" encoding="UTF-8"?>
<collection xmlns="http://www.loc.gov/MARC21/slim">
<record>
  <controlfield tag="001">305102</controlfield>
  <controlfield tag="005">20240928181321.0</controlfield>
  <datafield tag="035" ind1=" " ind2=" ">
    <subfield code="a">G:(GEPRIS)493640112</subfield>
  </datafield>
  <datafield tag="024" ind1="7" ind2=" ">
    <subfield code="a">G:(GEPRIS)493640112</subfield>
    <subfield code="d">493640112</subfield>
  </datafield>
  <datafield tag="040" ind1=" " ind2=" ">
    <subfield code="a">GEPRIS</subfield>
    <subfield code="c">http://gepris.its.kfa-juelich.de</subfield>
  </datafield>
  <datafield tag="150" ind1=" " ind2=" ">
    <subfield code="a">Triple-quadrupole ICP-MS</subfield>
    <subfield code="y">2021</subfield>
  </datafield>
  <datafield tag="371" ind1=" " ind2=" ">
    <subfield code="a">Professor Dr. Philip Pogge von Strandmann</subfield>
  </datafield>
  <datafield tag="450" ind1=" " ind2=" ">
    <subfield code="a">DFG project G:(GEPRIS)493640112</subfield>
    <subfield code="w">d</subfield>
    <subfield code="y">2021</subfield>
  </datafield>
  <datafield tag="510" ind1="1" ind2=" ">
    <subfield code="a">Deutsche Forschungsgemeinschaft</subfield>
    <subfield code="0">I:(DE-588b)2007744-0</subfield>
    <subfield code="b">DFG</subfield>
  </datafield>
  <datafield tag="680" ind1=" " ind2=" ">
    <subfield code="a">Wir bewerben uns für ein Triple-Quadrupol-(QQQ)-ICP-MS, ein Massenspektrometer, das in der Lage ist, Spurenmetallkonzentrationen in einer Vielzahl von geologischen Materialien (Gesteine, Wässer, Böden, Karbonate usw.) zu messen. Ein Triple-Quad kann Spurenelemente bis hinunter zu sehr niedrigen Konzentrationen (gelegentlich im ppq-Bereich) messen und kann mit seiner Kollisionszelle spektrale Interferenzen eliminieren. Als solches erlaubt es uns, deutlich weniger Proben zu verwenden (was bedeutet, dass die zeitliche Auflösung in geologischen Sedimenten enorm erhöht werden kann), und wir können verschiedene diagnostische Tracer verwenden, wie z. B. die REE in Wässern und Karbonatmaterialien. Das Triple-Quad-ICP-MS wird unser derzeitiges altes "normales" Single-Quad-ICP-MS ersetzen, daher sind die Einrichtungen und die technische Unterstützung bereits vorhanden. Es wird vor allem für die Analyse von natürlichen und experimentellen Wässern aus Verwitterungsreaktionen, von Tonen und Karbonaten aus der geologischen Aufzeichnung, von einzelnen Wachstumslinien von Mollusken und von diagnostischen Spurenelementen während der Biomineralisation eingesetzt werden. Insgesamt würde es einen massiven Schritt in unseren Fähigkeiten darstellen.</subfield>
  </datafield>
  <datafield tag="909" ind1="C" ind2="O">
    <subfield code="o">oai:juser.fz-juelich.de:971845</subfield>
    <subfield code="p">authority:GRANT</subfield>
    <subfield code="p">authority</subfield>
  </datafield>
  <datafield tag="980" ind1=" " ind2=" ">
    <subfield code="a">G</subfield>
  </datafield>
  <datafield tag="980" ind1=" " ind2=" ">
    <subfield code="a">AUTHORITY</subfield>
  </datafield>
  <datafield tag="909" ind1="C" ind2="O">
    <subfield code="o">oai:juser.fz-juelich.de:971845</subfield>
  </datafield>
</record>
</collection>